MARC

LEADER 00000nam0a2200000 4500
001 263798
005 20231101233755.0
035 |a (RuTPU)RU\TPU\book\286787 
090 |a 263798 
100 |a 20140611d1987 k y0rusy50 ca 
101 0 |a rus 
102 |a RU 
105 |a a z 001zy 
200 1 |a Полупроводниковые преобразовательные устройства  |e межвузовский сборник научных трудов  |f Чувашский государственный университет (ЧГУ) 
210 |a Чебоксары  |c Чувашский государственный ун-т  |d 1987 
215 |a 91 с.  |c ил. 
320 |a Библиография в конце статей 
606 1 |a Преобразователи полупроводниковые  |x Защита  |x Динамика  |2 stltpush  |3 (RuTPU)RU\TPU\subj\51277  |9 69872 
610 1 |a преобразовательная техника 
610 1 |a переходные процессы 
610 1 |a РЭА 
610 1 |a радиоэлектронная аппаратура 
610 1 |a электропитание 
610 1 |a транзисторные устройства 
610 1 |a мощность 
610 1 |a коммутационные потери 
610 1 |a снижение 
610 1 |a электромагнитная совместимость 
610 1 |a статические характеристики 
610 1 |a динамические характеристики 
610 1 |a расчет 
675 |a 621.314.632  |v 3 
712 0 2 |a Чувашский государственный университет (ЧГУ)  |c (Чебоксары)  |2 stltpush  |3 (RuTPU)RU\TPU\col\299 
801 1 |a RU  |b 63413507  |c 20140611 
801 2 |a RU  |b 63413507  |c 20151023  |g RCR 
942 |c BK